Thorium Bosses - Statistics

General Stats
  • This quiz has been taken 9 times
  • The average score is 8 of 14
Answer Stats
Answer % Correct
Grand Thunderbird
86%
Queen Jellyfish
86%
Viscount
86%
Borean Strider
71%
Fallen Beholder
71%
Patch Werk
71%
The Primordials
71%
Corpse Bloom
57%
Granite Energy Storm
57%
Lich
57%
Buried Champion
43%
Star Scouter
43%
Forgotten Beholder
0%
Illusionist
0%
No matching quizzes found
Score Distribution
Percent of People with Each Score
Percentile by Number Answered
Your Score History
You have not taken this quiz